| 000 | 00913nam a22002297a 4500 | ||
|---|---|---|---|
| 003 | KOHA_MİRAKIL | ||
| 005 | 20260414085515.0 | ||
| 008 | 260414b tu ||||| |||| 00| 0 tur d | ||
| 040 |
_aTR-AnABB _btur _cTR-AnABB |
||
| 041 | _atur | ||
| 082 |
_a338.9561 _bKEL 1964 |
||
| 100 | 1 | _aKeleş, Ruşen Y. | |
| 245 | 1 | 0 |
_aTürkiye'de bölgelerarası dengesizlikler = _bRegional diparities in Turkey / _cRuşen Y. Keleş |
| 246 | _aRegional disparitties in Turkey | ||
| 260 |
_aAnkara : _bAnkara Üniversitesi Siyasal Bilgiler Fakültesi, _c1964 |
||
| 300 |
_a135 sayfa ; _c24 cm |
||
| 500 | _aAnkara Üniversitesi Siyasal Bilgiler Fakültesi Yedinci İskan ve Şehircilik Haftası Konferans'larından ayrı baskı (11-13 Haziran 1963) | ||
| 546 | _aEser Türkçe İngilizce paraleldir. | ||
| 650 | 0 | 4 | _aBölgesel planlama, Türkiye |
| 650 | 0 | 4 | _aEkonomik politika, Türkiye |
| 942 |
_2ddc _cBK |
||
| 999 |
_c10228 _d10228 |
||
| 900 | _bCan ÇELIK | ||